[Event "Thüringenliga 2011/2012"]
[Site "?"]
[Date "2011.09.18"]
[Round "1"]
[White "Fuhrmann, Christian"]
[Black "Viererbe, Hartmut"]
[Result "1/2-1/2"]
[WhiteElo "1803"]
[BlackElo "1610"]
[PlyCount "136"]
[EventDate "2011.??.??"]
[WhiteTeam "SC Suhl"]
[BlackTeam "SC 51 Nordhausen"]

1. d4 Nf6 2. c4 e6 3. Nc3 b6 4. Nf3 Bb7 5. e3 Bb4 6. Bd3 O-O 7. O-O Bxc3 8.
bxc3 Ne4 9. Qc2 f5 10. Nd2 Nxd2 11. Bxd2 d6 12. e4 Qf6 13. Rae1 Nd7 14. Re2 Qg6
15. f3 Qf7 16. exf5 exf5 17. Rfe1 Rae8 18. Rxe8 Rxe8 19. Rxe8+ Qxe8 20. Bxf5
Nf6 21. d5 c6 22. Be6+ Kf8 23. Qf5 Qe7 24. Bg5 cxd5 25. Bxf6 Qxf6 26. Qxf6+
gxf6 27. cxd5 Ba6 28. Kf2 Bc4 29. a3 Kg7 30. Ke3 h5 31. h4 Kg6 32. Kd4 b5 33.
Bc8 Bf1 34. g3 Be2 35. f4 a5 36. Ke3 Bc4 37. Be6 a4 38. f5+ Kg7 39. Kf3 Bb3 40.
Kf4 Bd1 41. Ke3 Bb3 42. Bd7 Bc4 43. Bc6 Kh6 44. Kf3 Bd3 45. Be8 Bc4 46. Kf4 Be2
47. Bc6 Kg7 48. Ke3 Bc4 49. Kd4 Kf7 50. Bb7 Ke7 51. Ba6 Kd8 52. Ke3 Kc7 53. Kf4
Kb6 54. Bc8 Kc7 55. Be6 Kd8 56. g4 hxg4 57. h5 Ke8 58. h6 Kf8 59. Kxg4 Be2+ 60.
Kh4 Bf3 61. Kg3 Be2 62. Kf2 Bc4 63. Ke3 Bb3 64. Kd3 Bc4+ 65. Kd4 Be2 66. Ke3
Bc4 67. Kd2 Bf1 68. Ke3 Bc4 1/2-1/2

[Event "Thüringenliga 2011/2012"]
[Site "?"]
[Date "2011.09.18"]
[Round "1"]
[White "Schneider, Christian"]
[Black "Müller, Michael"]
[Result "1/2-1/2"]
[WhiteElo "2185"]
[BlackElo "2237"]
[PlyCount "37"]
[EventDate "2011.??.??"]
[WhiteTeam "SG Blau-Weiß Stadtilm"]
[BlackTeam "SSV Vimaria 91 Weimar"]

1. c4 e6 2. Nc3 d5 3. d4 Nf6 4. Nf3 Be7 5. Bg5 h6 6. Bh4 O-O 7. e3 b6 8. cxd5
exd5 9. Bd3 Bb7 10. Rc1 Nbd7 11. O-O c5 12. Qe2 Ne4 13. Bxe7 Qxe7 14. dxc5 Nxc3
15. Rxc3 bxc5 16. Rd1 Rfd8 17. Ba6 Bc6 18. Bb5 Bb7 19. Ba6 1/2-1/2

[Event "Thüringenliga 2011/2012"]
[Site "?"]
[Date "2011.09.18"]
[Round "1"]
[White "Albrecht, Jürgen"]
[Black "Siebarth, Raiko"]
[Result "1/2-1/2"]
[WhiteElo "2120"]
[BlackElo "2189"]
[PlyCount "82"]
[EventDate "2011.??.??"]
[WhiteTeam "SSV Vimaria 91 Weimar"]
[BlackTeam "SG Blau-Weiß Stadtilm"]

1. e4 c5 2. Nf3 d6 3. d4 cxd4 4. Nxd4 Nf6 5. Nc3 a6 6. Bg5 e6 7. Qe2 Be7 8.
O-O-O Nxe4 9. Bxe7 Nxc3 10. Bxd8 Nxe2+ 11. Nxe2 Kxd8 12. Rxd6+ Ke7 13. Rb6 Nd7
14. Rb4 b6 15. Nc3 Rb8 16. Be2 Bb7 17. f3 Rhc8 18. Rd1 Rc7 19. Rd2 Rbc8 20. Na4
a5 21. Rh4 Bc6 22. Nc3 Nf6 23. Ba6 Ra8 24. Bd3 h6 25. Bb5 Bxb5 26. Nxb5 Rc5 27.
Nc3 b5 28. Ne4 Nxe4 29. Rxe4 b4 30. Red4 Ra7 31. Kd1 Rac7 32. R4d3 Rb7 33. Ke2
h5 34. Rd4 Re5+ 35. Kd1 Rc7 36. R2d3 Rec5 37. Rd2 g6 38. R4d3 Kf6 39. Rd4 Ke7
40. R4d3 Kf6 41. Rd4 Ke7 1/2-1/2

[Event "Thüringenliga 2011/2012"]
[Site "?"]
[Date "2011.09.18"]
[Round "1"]
[White "Rätsch, Heinz"]
[Black "Günther, Andreas"]
[Result "1/2-1/2"]
[WhiteElo "2102"]
[BlackElo "2141"]
[PlyCount "20"]
[EventDate "2011.??.??"]
[WhiteTeam "SG Blau-Weiß Stadtilm"]
[BlackTeam "SSV Vimaria 91 Weimar"]

1. e4 c5 2. Nf3 a6 3. d4 cxd4 4. Nxd4 Nf6 5. Nc3 e5 6. Nf3 Bb4 7. Bc4 Qc7 8.
Qd3 b5 9. Bb3 Bb7 10. Bd2 d6 1/2-1/2

[Event "Thüringenliga 2011/2012"]
[Site "?"]
[Date "2011.09.18"]
[Round "1"]
[White "Rensch, Toralf"]
[Black "George, Tom"]
[Result "0-1"]
[WhiteElo "2047"]
[BlackElo "1805"]
[PlyCount "106"]
[EventDate "2011.??.??"]
[WhiteTeam "SSV Vimaria 91 Weimar"]
[BlackTeam "SG Blau-Weiß Stadtilm"]

1. e4 c5 2. Nf3 d6 3. Bb5+ Bd7 4. Bxd7+ Qxd7 5. O-O Nc6 6. d4 cxd4 7. Nxd4 Nf6
8. Re1 e6 9. c4 Be7 10. Nc3 O-O 11. b3 Rfd8 12. Bb2 Rac8 13. Rc1 b6 14. Nxc6
Qxc6 15. Nb5 Rd7 16. Qe2 Qb7 17. Ba3 Rcd8 18. Rcd1 a6 19. Nc3 Rc8 20. Bb4 Ne8
21. a4 Bf6 22. Rd3 Rdc7 23. Red1 h6 24. Bxd6 Nxd6 25. e5 Ne8 26. exf6 Nxf6 27.
Rd8+ Rxd8 28. Rxd8+ Kh7 29. Qd3+ g6 30. f3 Rd7 31. Rxd7 Qxd7 32. Qxd7 Nxd7 33.
a5 bxa5 34. Na4 Kg7 35. Kf2 Kf6 36. Ke3 Ke5 37. f4+ Kd6 38. Kd4 f6 39. g3 Kc6
40. h4 h5 41. c5 f5 42. Kc4 e5 43. fxe5 Nxe5+ 44. Kd4 Nd7 45. Nb2 Nxc5 46. Nc4
Nxb3+ 47. Kc3 Nc5 48. Ne5+ Kd5 49. Nxg6 Ne4+ 50. Kd3 Nxg3 51. Nf4+ Ke5 52. Ke3
a4 53. Kf3 a3 0-1

[Event "Thüringenliga 2011/2012"]
[Site "?"]
[Date "2011.09.18"]
[Round "1"]
[White "Siebarth, Marco"]
[Black "Riedel, Finn"]
[Result "1/2-1/2"]
[WhiteElo "1972"]
[BlackElo "2027"]
[PlyCount "121"]
[EventDate "2011.??.??"]
[WhiteTeam "SG Blau-Weiß Stadtilm"]
[BlackTeam "SSV Vimaria 91 Weimar"]

1. e4 e6 2. d4 d5 3. Nd2 Nf6 4. e5 Nfd7 5. Bd3 c5 6. c3 Nc6 7. Ne2 Qb6 8. Nf3
cxd4 9. cxd4 Bb4+ 10. Bd2 f6 11. exf6 Nxf6 12. O-O Bd6 13. b3 O-O 14. Qc2 Bd7
15. Rac1 Kh8 16. Bc3 Rac8 17. Qb1 Ng4 18. h3 Rxf3 19. hxg4 Rff8 20. Bxh7 e5 21.
dxe5 Nxe5 22. Bd4 Rxc1 23. Rxc1 Qd8 24. Bf5 Bxf5 25. gxf5 Qh4 26. Rc3 Qe4 27.
Qxe4 dxe4 28. Bxe5 Bxe5 29. Re3 Rxf5 30. Rxe4 Bf6 31. g4 Rd5 32. f4 Bd8 33. f5
Kg8 34. Kg2 Kf7 35. Rd4 Rxd4 36. Nxd4 g6 37. Kf3 gxf5 38. gxf5 Bb6 39. Ke4 Kf6
40. Ne2 Bf2 41. Nf4 Bg1 42. Nh5+ Kg5 43. Ng7 Kf6 44. Ne6 Ke7 45. Nf4 Kf6 46. b4
Bf2 47. Nd3 Bg3 48. Nc5 b5 49. Nd7+ Ke7 50. Ne5 Kd6 51. Nd3 Bh4 52. Nf4 Be1 53.
Nd5 a5 54. f6 Ke6 55. bxa5 Bxa5 56. Kd4 Be1 57. Kc5 b4 58. Nxb4 Kxf6 59. a4
Bxb4+ 60. Kxb4 Ke6 61. Kb5 1/2-1/2

[Event "Thüringenliga 2011/2012"]
[Site "?"]
[Date "2011.09.18"]
[Round "1"]
[White "Philipp, Michael"]
[Black "Kinzel, Tiffany"]
[Result "1-0"]
[WhiteElo "1936"]
[BlackElo "1812"]
[PlyCount "65"]
[EventDate "2011.??.??"]
[WhiteTeam "SSV Vimaria 91 Weimar"]
[BlackTeam "SG Blau-Weiß Stadtilm"]

1. f4 d5 2. Nf3 c5 3. g3 Nc6 4. Bg2 g6 5. O-O Bg7 6. Nc3 e6 7. d3 Nge7 8. e4
O-O 9. Ne2 Qb6 10. e5 d4 11. g4 Nd5 12. g5 Rd8 13. c4 Ne3 14. Bxe3 dxe3 15. b3
Rb8 16. Ne1 Nd4 17. Nc2 Nxc2 18. Qxc2 Bd7 19. Nc3 Bc6 20. Be4 a6 21. Rf3 Qc7
22. Rxe3 b5 23. Qg2 Bxe4 24. Nxe4 Rd4 25. Rf1 Rbd8 26. Qc2 Rc8 27. Rh3 Qc6 28.
Qf2 Bh8 29. Qh4 Rxe4 30. Qxh7+ Kf8 31. Qxh8+ Ke7 32. Qf6+ Kd7 33. Qxf7+ 1-0

[Event "Thüringenliga 2011/2012"]
[Site "?"]
[Date "2011.09.18"]
[Round "1"]
[White "Berner, Stephan"]
[Black "Stiefel, Roland"]
[Result "1/2-1/2"]
[WhiteElo "1798"]
[BlackElo "1973"]
[PlyCount "75"]
[EventDate "2011.??.??"]
[WhiteTeam "SG Blau-Weiß Stadtilm"]
[BlackTeam "SSV Vimaria 91 Weimar"]

1. e4 c5 2. Nc3 a6 3. f4 b5 4. Nf3 Bb7 5. d3 e6 6. a4 b4 7. Ne2 d5 8. Ng3 Be7
9. Be2 Qb6 10. e5 Nc6 11. Be3 Rc8 12. O-O h5 13. h4 g6 14. b3 Qd8 15. Ng5 Bxg5
16. hxg5 Na5 17. Bf3 Ne7 18. Bf2 Qc7 19. Qd2 h4 20. Ne2 d4 21. Be4 Nd5 22. Kh2
Rd8 23. Rae1 Nc6 24. Rh1 Nce7 25. Kg1 Nf5 26. Rh3 Nde3 27. Bxb7 Qxb7 28. Bxe3
dxe3 29. Qc1 Ke7 30. Kh2 Qd5 31. Rf1 Qc6 32. Rff3 Qc7 33. Kg1 Qb6 34. Kh2 Qb8
35. Kg1 Rd5 36. Kh2 Rh5 37. Kg1 Qd8 38. Kh2 1/2-1/2

[Event "Thüringenliga 2011/2012"]
[Site "?"]
[Date "2011.09.18"]
[Round "1"]
[White "Gulich, Christian"]
[Black "Klesser, Robert"]
[Result "1-0"]
[WhiteElo "1963"]
[BlackElo "1806"]
[PlyCount "45"]
[EventDate "2011.??.??"]
[WhiteTeam "SSV Vimaria 91 Weimar"]
[BlackTeam "SG Blau-Weiß Stadtilm"]

1. e4 e5 2. Nf3 Nc6 3. d4 exd4 4. Bc4 d6 5. Nxd4 Be7 6. Nxc6 bxc6 7. O-O Nf6 8.
Nc3 O-O 9. f4 a5 10. Qf3 Ba6 11. Bd3 Bxd3 12. cxd3 Qd7 13. h3 Rfd8 14. b3 Ne8
15. Bb2 Bf6 16. Rae1 Bd4+ 17. Kh1 Nf6 18. Re2 Re8 19. Nd1 c5 20. Ne3 Bxe3 21.
Qxe3 Qe7 22. Qg3 Qf8 23. Bxf6 1-0

[Event "Thüringenliga 2011/2012"]
[Site "?"]
[Date "2011.09.18"]
[Round "1"]
[White "Urban, Lars"]
[Black "Bräuer, Franz"]
[Result "0-1"]
[WhiteElo "1935"]
[BlackElo "2240"]
[PlyCount "86"]
[EventDate "2011.??.??"]
[WhiteTeam "SV Empor Erfurt"]
[BlackTeam "SV Jenapharm Jena"]

1. d4 Nf6 2. c4 e6 3. Nc3 Bb4 4. Qc2 O-O 5. Nf3 c5 6. e3 cxd4 7. exd4 d5 8.
cxd5 Nxd5 9. Bd3 h6 10. O-O Nc6 11. a3 Be7 12. Nxd5 exd5 13. h3 Bf6 14. Be3 Qb6
15. Qd2 Rd8 16. Ne5 Na5 17. Qe2 Bxe5 18. dxe5 d4 19. Bf4 Nb3 20. Qe4 Kf8 21.
Qh7 Nxa1 22. Qh8+ Ke7 23. Qxg7 Nb3 24. Bxh6 Be6 25. Bg5+ Kd7 26. Bxd8 Qxd8 27.
f4 Qh8 28. Bb5+ Kc7 29. Qg5 Kb6 30. Qe7 Qd8 31. Qb4 a5 32. Qa4 Nc5 33. Qd1 Kxb5
34. b4 axb4 35. axb4 Nb3 36. Qf3 Bd5 37. Qd3+ Bc4 38. Qf5 Qd5 39. Rb1 Ra2 40.
Qg4 d3 41. Qg8 d2 42. Qe8+ Qc6 43. Qg8 Nc1 0-1

[Event "Thüringenliga 2011/2012"]
[Site "?"]
[Date "2011.09.18"]
[Round "1"]
[White "Middelhoff, Cornelius"]
[Black "Michalowski, Peter"]
[Result "1-0"]
[WhiteElo "2001"]
[BlackElo "2003"]
[PlyCount "43"]
[EventDate "2011.??.??"]
[WhiteTeam "SV Jenapharm Jena"]
[BlackTeam "SV Empor Erfurt"]

1. d4 Nf6 2. c4 e5 3. dxe5 Ng4 4. Nc3 Nxe5 5. e3 Bc5 6. f4 Nec6 7. Nf3 O-O 8.
Bd3 h6 9. O-O Re8 10. Bb1 d6 11. Qd3 f5 12. a3 a5 13. Kh1 Be6 14. e4 g6 15.
exf5 Bxf5 16. Qd1 Bxb1 17. Qd5+ Kg7 18. Rxb1 Be3 19. Bxe3 Rxe3 20. f5 Nd7 21.
fxg6 Kxg6 22. Nh4+ 1-0

[Event "Thüringenliga 2011/2012"]
[Site "?"]
[Date "2011.09.18"]
[Round "1"]
[White "Buckan, Jens"]
[Black "Darr, Sascha"]
[Result "1/2-1/2"]
[WhiteElo "1956"]
[BlackElo "2068"]
[PlyCount "90"]
[EventDate "2011.??.??"]
[WhiteTeam "SV Empor Erfurt"]
[BlackTeam "SV Jenapharm Jena"]

1. e4 e5 2. Nf3 Nc6 3. Bb5 a6 4. Ba4 Nf6 5. O-O Be7 6. Re1 b5 7. Bb3 O-O 8. c3
d5 9. exd5 Nxd5 10. d4 exd4 11. Nxd4 Nxd4 12. cxd4 Bf6 13. Nc3 Nxc3 14. bxc3
Bb7 15. Ba3 Re8 16. Qg4 Qc8 17. Qf4 Qd7 18. Bc5 Qc6 19. f3 Qd7 20. Kf1 a5 21.
a3 Bd5 22. Bc2 h6 23. Qf5 Qxf5 24. Bxf5 Bg5 25. Bd3 c6 26. a4 Rxe1+ 27. Kxe1
Re8+ 28. Kd1 Bb3+ 29. Bc2 Bxc2+ 30. Kxc2 Re2+ 31. Kd3 Re3+ 32. Kc2 Re2+ 33. Kb3
Bd8 34. axb5 cxb5 35. Ra2 a4+ 36. Ka3 Rxa2+ 37. Kxa2 Ba5 38. Kb2 f5 39. Kc2 Kf7
40. d5 Bc7 41. h3 Ba5 42. Kd3 g6 43. Ba3 Kf6 44. Kd4 Bb6+ 45. Kd3 Ba5 1/2-1/2

[Event "Thüringenliga 2011/2012"]
[Site "?"]
[Date "2011.09.18"]
[Round "1"]
[White "Kloß, Thomas"]
[Black "Pichl, Michael"]
[Result "0-1"]
[WhiteElo "1949"]
[BlackElo "1991"]
[PlyCount "80"]
[EventDate "2011.??.??"]
[WhiteTeam "SV Jenapharm Jena"]
[BlackTeam "SV Empor Erfurt"]

1. c4 c5 2. Nf3 g6 3. d4 cxd4 4. Nxd4 Bg7 5. e4 Nc6 6. Be3 Nf6 7. Nc3 O-O 8.
Be2 d6 9. O-O a6 10. Qd2 Nxd4 11. Bxd4 Be6 12. f3 Qa5 13. Rfd1 Rfc8 14. b3 Nd7
15. Bxg7 Kxg7 16. Qd4+ Kg8 17. Rdc1 b5 18. Nd5 Bxd5 19. exd5 b4 20. f4 Qc5 21.
Qxc5 Nxc5 22. Rab1 a5 23. Rf1 Rcb8 24. Rf3 a4 25. Re3 axb3 26. axb3 Kf8 27. Rb2
Ra1+ 28. Kf2 Rba8 29. Kf3 R8a2 30. Rxa2 Rxa2 31. Bd1 Rd2 32. Be2 f5 33. g4
fxg4+ 34. Kxg4 Rb2 35. h4 Rxb3 36. Rxb3 Nxb3 37. Kf3 Nd4+ 38. Ke3 Nxe2 39. Kxe2
Kf7 40. Kd3 Kf6 0-1

[Event "Thüringenliga 2011/2012"]
[Site "?"]
[Date "2011.09.18"]
[Round "1"]
[White "Wahlicht, Mike"]
[Black "Zipfel, Frank"]
[Result "1/2-1/2"]
[WhiteElo "1880"]
[BlackElo "1998"]
[PlyCount "31"]
[EventDate "2011.??.??"]
[WhiteTeam "SV Empor Erfurt"]
[BlackTeam "SV Jenapharm Jena"]

1. e4 d5 2. exd5 Qxd5 3. Nc3 Qa5 4. d4 Nf6 5. Nf3 Bg4 6. Be2 e6 7. Ne5 Bxe2 8.
Qxe2 Nd5 9. O-O Nxc3 10. bxc3 Bd6 11. Qf3 Bxe5 12. Qxb7 Bxh2+ 13. Kxh2 Qd5 14.
Qc8+ Qd8 15. Qb7 Qd5 16. Qc8+ 1/2-1/2

[Event "Thüringenliga 2011/2012"]
[Site "?"]
[Date "2011.09.18"]
[Round "1"]
[White "Mißbach, Bernd"]
[Black "Zahn, Alina"]
[Result "1/2-1/2"]
[WhiteElo "1954"]
[BlackElo "1798"]
[PlyCount "142"]
[EventDate "2011.??.??"]
[WhiteTeam "SV Jenapharm Jena"]
[BlackTeam "SV Empor Erfurt"]

1. Nf3 d5 2. g3 Bg4 3. Bg2 Nc6 4. d4 e6 5. c3 Nf6 6. Nbd2 h6 7. Qa4 Nd7 8. Qb5
a6 9. Qb3 Nb6 10. O-O Be7 11. e4 O-O 12. Re1 Na5 13. Qc2 dxe4 14. Qxe4 Bf5 15.
Qe2 Nd5 16. Ne4 Nc6 17. Bd2 Rb8 18. c4 Nf6 19. Nxf6+ Bxf6 20. Bc3 Nxd4 21. Nxd4
Bxd4 22. Rad1 c5 23. Bxd4 cxd4 24. Qe5 d3 25. Be4 d2 26. Re2 Bxe4 27. Qxe4 Qa5
28. a3 Rfd8 29. Qf4 Rbc8 30. Rexd2 Rxd2 31. Rxd2 Rxc4 32. Qxc4 Qxd2 33. Qc8+
Kh7 34. Qxb7 Qd1+ 35. Kg2 Qe2 36. b4 Qd3 37. Qf3 Qd7 38. h4 g6 39. Qb3 Qc6+ 40.
Qf3 Qd7 41. h5 g5 42. Kf1 Qb5+ 43. Ke1 Qe5+ 44. Qe3 Qf5 45. Ke2 Kg8 46. Qd3
Qe5+ 47. Qe3 Qb5+ 48. Kd2 Qc4 49. Qd3 Qc6 50. Qc2 Qd5+ 51. Kc1 Kg7 52. Qe2 Qc6+
53. Kb2 Qd6 54. Kc2 Qc6+ 55. Kb3 Kg8 56. Qd3 Qb6 57. f3 Qc6 58. g4 Qb6 59. a4
Kg7 60. a5 Qb7 61. b5 axb5 62. Kb4 Qe7+ 63. Kxb5 Qb7+ 64. Ka4 Qc6+ 65. Kb4 Qb7+
66. Ka3 Qc7 67. a6 Qc5+ 68. Kb3 Qb6+ 69. Kc2 Qf2+ 70. Qd2 Qb6 71. Qd3 Qf2+
1/2-1/2

[Event "Thüringenliga 2011/2012"]
[Site "?"]
[Date "2011.09.18"]
[Round "1"]
[White "Trautmann, Johannes"]
[Black "Skarus, Steffen"]
[Result "1/2-1/2"]
[WhiteElo "1751"]
[BlackElo "1873"]
[PlyCount "70"]
[EventDate "2011.??.??"]
[WhiteTeam "SV Empor Erfurt"]
[BlackTeam "SV Jenapharm Jena"]

1. c4 Nf6 2. Nc3 c6 3. d4 d5 4. cxd5 cxd5 5. Nf3 Nc6 6. g3 Ne4 7. Bg2 e6 8. O-O
f5 9. Bf4 Bd6 10. Bxd6 Qxd6 11. Rc1 O-O 12. e3 Bd7 13. a3 Rac8 14. Qd3 a6 15.
Nd2 Rc7 16. f3 Nxd2 17. Qxd2 Rfc8 18. Na4 Nb8 19. Rxc7 Rxc7 20. Nc3 Nc6 21. b4
Na7 22. Rc1 a5 23. Na2 axb4 24. Qxb4 Rxc1+ 25. Nxc1 Qxb4 26. axb4 Nc6 27. Nd3
Kf8 28. Bf1 Ke7 29. Kf2 Kd6 30. Nc5 Bc8 31. b5 Na5 32. e4 e5 33. Ke3 b6 34. Na4
dxe4 35. fxe4 exd4+ 1/2-1/2

[Event "Thüringenliga 2011/2012"]
[Site "?"]
[Date "2011.09.18"]
[Round "1"]
[White "Mucha, Annegret"]
[Black "Strauch, Martin"]
[Result "1-0"]
[WhiteElo "1944"]
[BlackElo "1731"]
[PlyCount "45"]
[EventDate "2011.??.??"]
[WhiteTeam "SV Jenapharm Jena"]
[BlackTeam "SV Empor Erfurt"]

1. e4 d6 2. d4 Nf6 3. Nc3 g6 4. Nf3 Bg7 5. Be2 O-O 6. O-O c6 7. h3 Nbd7 8. Be3
Qc7 9. Qd2 b5 10. a3 a6 11. Bh6 e5 12. Bxg7 Kxg7 13. Rad1 Ne8 14. Rfe1 Bb7 15.
dxe5 Nxe5 16. Nxe5 dxe5 17. Qd7 Qb6 18. Qe7 Nf6 19. Qxe5 Rfe8 20. Qf4 b4 21. e5
Rxe5 22. Qxe5 Re8 23. Na4 1-0

[Event "Thüringenliga 2011/2012"]
[Site "?"]
[Date "2011.09.18"]
[Round "1"]
[White "du Maire, Jérôme"]
[Black "Goemann, Jens"]
[Result "0-1"]
[WhiteElo "2008"]
[BlackElo "2113"]
[PlyCount "98"]
[EventDate "2011.??.??"]
[WhiteTeam "SV 1861 Liebschwitz"]
[BlackTeam "TSG Apolda"]

1. d4 Nf6 2. c4 g6 3. Nc3 Bg7 4. e4 d6 5. f4 O-O 6. Nf3 Na6 7. Be2 e5 8. fxe5
dxe5 9. Nxe5 c5 10. Be3 cxd4 11. Bxd4 Nb4 12. Bc5 Qxd1+ 13. Rxd1 Re8 14. Bxb4
Rxe5 15. O-O Be6 16. Bd6 Ra5 17. c5 Nd7 18. Nb5 Rxa2 19. Nc7 Rxb2 20. Nxa8 Rxe2
21. Nc7 Rxe4 22. Nxe6 Rxe6 23. Bg3 Nxc5 24. Rd8+ Bf8 25. Rfd1 Ne4 26. Bf4 Kg7
27. Bh6+ Kxh6 28. Rxf8 Kg7 29. Rc8 Re7 30. Rdc1 Nd6 31. R8c7 Rxc7 32. Rxc7 Kf6
33. Kf2 a5 34. Ke3 a4 35. Kd3 Ke6 36. Kc2 h5 37. Rc5 f6 38. Ra5 b5 39. Kd3 Kd5
40. Ra6 g5 41. g3 Kc5 42. Kc3 f5 43. Ra7 b4+ 44. Kb2 a3+ 45. Ka2 f4 46. gxf4
gxf4 47. Rh7 f3 48. Rxh5+ Kd4 49. Rh6 Ne4 0-1

[Event "Thüringenliga 2011/2012"]
[Site "?"]
[Date "2011.09.18"]
[Round "1"]
[White "Maiwald, Harald"]
[Black "Zeidler, Andreas"]
[Result "1/2-1/2"]
[WhiteElo "2076"]
[BlackElo "2119"]
[PlyCount "60"]
[EventDate "2011.??.??"]
[WhiteTeam "TSG Apolda"]
[BlackTeam "SV 1861 Liebschwitz"]

1. d4 d5 2. c4 c6 3. Nf3 Nf6 4. Nc3 e6 5. e3 Nbd7 6. Bd3 Be7 7. e4 dxe4 8. Nxe4
Nxe4 9. Bxe4 Nf6 10. Bc2 O-O 11. O-O c5 12. dxc5 Bxc5 13. Bf4 b6 14. Qe2 Bb7
15. Rad1 Qe7 16. Ne5 Rad8 17. Rd3 Rxd3 18. Nxd3 Bd4 19. Be5 Rd8 20. Rd1 Ba8 21.
Bxd4 Rxd4 22. Ne5 Qd6 23. Rxd4 Qxd4 24. Qd3 Qxd3 25. Bxd3 Kf8 26. f3 h5 27. Kf2
Ke7 28. b4 Nd7 29. Nxd7 Kxd7 30. Ke3 Bc6 1/2-1/2

[Event "Thüringenliga 2011/2012"]
[Site "?"]
[Date "2011.09.18"]
[Round "1"]
[White "Hermannsdörfer, Frank"]
[Black "Rohmeiß, Roberto"]
[Result "1/2-1/2"]
[WhiteElo "2145"]
[BlackElo "2035"]
[PlyCount "91"]
[EventDate "2011.??.??"]
[WhiteTeam "SV 1861 Liebschwitz"]
[BlackTeam "TSG Apolda"]

1. d4 Nf6 2. Bg5 g6 3. Bxf6 exf6 4. e3 Bg7 5. h4 d6 6. Nh3 f5 7. Nf4 Nd7 8. Nc3
Nb6 9. h5 c6 10. hxg6 hxg6 11. Rxh8+ Bxh8 12. Qf3 Qe7 13. O-O-O Bd7 14. a4 a5
15. Bd3 d5 16. Be2 Be6 17. Qg3 O-O-O 18. Rh1 g5 19. Nxe6 fxe6 20. Bd3 Bf6 21.
Rh6 Rh8 22. Qh2 Rxh6 23. Qxh6 Qg7 24. Qh5 Kd7 25. g4 f4 26. b3 fxe3 27. fxe3
Be7 28. Qh2 Bd6 29. Qh1 e5 30. Bf5+ Kc7 31. Ne2 Qe7 32. Kd2 Nd7 33. Qh8 Qf8 34.
Qh7 Qe7 35. Qg8 Nf6 36. Qa8 exd4 37. Nxd4 Kb6 38. c3 Ne4+ 39. Bxe4 dxe4 40. Qc8
Qe5 41. Qe6 c5 42. Qxe5 Bxe5 43. Nc2 Kc6 44. Na3 b6 45. c4 Kc7 46. Kc2 1/2-1/2

[Event "Thüringenliga 2011/2012"]
[Site "?"]
[Date "2011.09.18"]
[Round "1"]
[White "Schmidt, Matthias"]
[Black "Weiß, Werner"]
[Result "1/2-1/2"]
[WhiteElo "1969"]
[BlackElo "2032"]
[PlyCount "45"]
[EventDate "2011.??.??"]
[WhiteTeam "TSG Apolda"]
[BlackTeam "SV 1861 Liebschwitz"]

1. e4 g6 2. d4 Bg7 3. Nc3 d6 4. f4 c6 5. Nf3 Bg4 6. Bc4 Bxf3 7. gxf3 e5 8. dxe5
Qh4+ 9. Ke2 dxe5 10. Qd6 Qe7 11. Qxe7+ Nxe7 12. Be3 Nd7 13. Rad1 exf4 14. Bxf4
Ne5 15. Bb3 Rf8 16. Rd6 Rd8 17. Rhd1 Rxd6 18. Rxd6 Nd7 19. Nd1 Nc5 20. c3 Nxb3
21. axb3 Nc8 22. Rd3 Ke7 23. Ne3 1/2-1/2

[Event "Thüringenliga 2011/2012"]
[Site "?"]
[Date "2011.09.18"]
[Round "1"]
[White "Katzer, Michael"]
[Black "Steiger, Jürgen"]
[Result "0-1"]
[WhiteElo "1848"]
[BlackElo "1932"]
[PlyCount "110"]
[EventDate "2011.??.??"]
[WhiteTeam "SV 1861 Liebschwitz"]
[BlackTeam "TSG Apolda"]

1. e4 e5 2. d4 exd4 3. Nf3 Nc6 4. Bc4 Nf6 5. O-O d6 6. Nxd4 Bd7 7. Nc3 Ne5 8.
Be2 Be7 9. f4 Ng6 10. Be3 Qc8 11. h3 h5 12. Bc4 h4 13. Qf3 Nh5 14. Rae1 c6 15.
a4 Ng3 16. Rf2 Qc7 17. b4 a5 18. b5 cxb5 19. Nd5 Qxc4 20. Nb6 Qb4 21. Bd2 Qxd4
22. Nxa8 O-O 23. Nc7 Bc6 24. Nxb5 Qxa4 25. Nc3 Qc4 26. Qd3 Qxd3 27. cxd3 b5 28.
Rc1 Bf6 29. Ne2 Ne7 30. Bxa5 Nxe2+ 31. Rxe2 Bd4+ 32. Kf1 f5 33. exf5 Kf7 34.
Rxe7+ Kxe7 35. Rxc6 Rxf5 36. Rc7+ Ke6 37. Bd2 Rc5 38. Rb7 Rc2 39. Ke1 Rb2 40.
Rb8 Kd5 41. Rh8 Bf6 42. Rb8 Kc6 43. Rc8+ Kd7 44. Rb8 Kc7 45. Re8 b4 46. Re4 b3
47. Rc4+ Kd7 48. Rc1 Bd4 49. Kd1 Bf6 50. Ke1 Ke6 51. Kd1 g6 52. Ke1 Bg7 53. Rc7
Rb1+ 54. Ke2 Bf6 55. Rb7 b2 0-1

[Event "Thüringenliga 2011/2012"]
[Site "?"]
[Date "2011.09.18"]
[Round "1"]
[White "Krug, Klaus-Peter"]
[Black "Gerhardt, Frank"]
[Result "0-1"]
[WhiteElo "1954"]
[BlackElo "2037"]
[PlyCount "112"]
[EventDate "2011.??.??"]
[WhiteTeam "TSG Apolda"]
[BlackTeam "SV 1861 Liebschwitz"]

1. d4 Nf6 2. Nf3 g6 3. Nbd2 Bg7 4. e4 d6 5. h3 O-O 6. Bd3 Nc6 7. c3 e5 8. d5
Ne7 9. g4 c6 10. c4 Re8 11. Nf1 cxd5 12. cxd5 Nexd5 13. Bc4 Nf4 14. Ng3 Qc7 15.
Qb3 Be6 16. Bxe6 Nxe6 17. Be3 Rac8 18. O-O Nf4 19. Kh2 b6 20. Ng1 d5 21. Rac1
Qb7 22. f3 dxe4 23. g5 N6d5 24. Nxe4 Nxe3 25. Qxe3 Qe7 26. Rfd1 Red8 27. Rxc8
Rxc8 28. Qb3 h6 29. h4 hxg5 30. hxg5 Ne6 31. Qa4 Nd4 32. Kg3 f5 33. gxf6 Bxf6
34. Rxd4 exd4 35. Ne2 Rd8 36. Nc1 Be5+ 37. Kg2 Qh7 38. Nd3 Qh2+ 39. Kf1 Qh1+
40. Ke2 Qg2+ 41. Nef2 Bg3 42. Qc6 Bxf2 43. Qe6+ Kg7 44. Qe7+ Kh6 45. Nxf2 d3+
46. Ke3 Qg5+ 47. Qxg5+ Kxg5 48. Nxd3 Kf5 49. Nb4 Rd6 50. a3 g5 51. Na2 Re6+ 52.
Kf2 Rh6 53. Kg3 Rd6 54. Nc3 Rd2 55. b3 Rd3 56. Nb5 g4 0-1

[Event "Thüringenliga 2011/2012"]
[Site "?"]
[Date "2011.09.18"]
[Round "1"]
[White "Kastner, Peter"]
[Black "Neubauer, Ralf"]
[Result "1/2-1/2"]
[WhiteElo "1994"]
[BlackElo "1848"]
[PlyCount "42"]
[EventDate "2011.??.??"]
[WhiteTeam "SV 1861 Liebschwitz"]
[BlackTeam "TSG Apolda"]

1. e4 c6 2. d4 d5 3. e5 Bf5 4. Nf3 e6 5. Be2 Qb6 6. O-O c5 7. dxc5 Bxc5 8. Nbd2
Qc7 9. Nb3 Bb6 10. c3 Nc6 11. Nbd4 Nxd4 12. cxd4 Ne7 13. b3 O-O 14. Ba3 Rfc8
15. Rc1 Qd7 16. Qd2 h6 17. Rxc8+ Rxc8 18. Rc1 Rxc1+ 19. Qxc1 Bg4 20. Qd2 Bxf3
21. Bxf3 Nf5 1/2-1/2

[Event "Thüringenliga 2011/2012"]
[Site "?"]
[Date "2011.09.18"]
[Round "1"]
[White "Römer, Norbert"]
[Black "Birke, Andreas"]
[Result "1/2-1/2"]
[WhiteElo "1805"]
[BlackElo "2131"]
[PlyCount "51"]
[EventDate "2011.??.??"]
[WhiteTeam "TSG Apolda"]
[BlackTeam "SV 1861 Liebschwitz"]

1. c4 c5 2. Nc3 Nc6 3. g3 d6 4. Bg2 g6 5. a3 Bg7 6. e3 e5 7. Nge2 h5 8. h3 Nh6
9. b4 O-O 10. Nd5 Bf5 11. e4 Be6 12. Rb1 b6 13. O-O f5 14. d3 fxe4 15. dxe4 Nd4
16. Nxd4 cxd4 17. Qd3 Rc8 18. Bd2 Qd7 19. Kh2 Kh8 20. f4 Ng8 21. fxe5 dxe5 22.
Rxf8 Rxf8 23. Rf1 Rc8 24. Rc1 Nf6 25. Bg5 Nh7 26. Bd2 1/2-1/2

[Event "Thüringenliga 2011/2012"]
[Site "?"]
[Date "2011.09.18"]
[Round "1"]
[White "Buring, Matthias"]
[Black "Manicke, Hans-Joachim"]
[Result "1-0"]
[WhiteElo "1976"]
[BlackElo "1921"]
[PlyCount "79"]
[EventDate "2011.??.??"]
[WhiteTeam "SG Arnstadt-Stadtilm"]
[BlackTeam "VfL 1990 Gera"]

1. d4 d5 2. c4 e6 3. Nc3 Nf6 4. a3 Be7 5. Nf3 O-O 6. Bf4 c6 7. e3 Nbd7 8. Bd3
b6 9. cxd5 exd5 10. O-O Bb7 11. h3 Re8 12. Rc1 Nf8 13. Ne5 Ng6 14. Bh2 Nd7 15.
f4 Bf8 16. Qh5 Nf6 17. Qe2 Bd6 18. Na4 Rc8 19. Bf5 Rc7 20. Nc3 Nh4 21. Bd3 Ng6
22. Rc2 Ne7 23. Rfc1 Rc8 24. Ba6 Bxa6 25. Qxa6 Bb8 26. b4 c5 27. bxc5 bxc5 28.
Na4 c4 29. Nc3 Qd6 30. Qa4 Nf5 31. Kf2 Qb6 32. Rb1 Qd6 33. g4 Ne7 34. Rb7 Qd8
35. g5 Ne4+ 36. Nxe4 dxe4 37. Rxc4 Qd5 38. Rxe7 Rf8 39. Rxc8 Rxc8 40. Re8+ 1-0